| 000 | 01010nam a22002657a 4500 | ||
|---|---|---|---|
| 005 | 2009080405165.0 | ||
| 008 | 090728t xxu||||| |||| 00| 0 pun d | ||
| 010 | _aPUN-7480 | ||
| 020 |
_c225.00 _a9788182992467 |
||
| 035 | _aPN-6598 | ||
| 037 | _bDBAD / PUB/ARSEE PUBLISHERS | ||
| 040 |
_adpl _bPN |
||
| 082 | _a850 | ||
| 100 |
_937323 _aਜਸਵਿੰਦਰ ਸਿੰਘ |
||
| 245 |
_aਕਿਲ੍ਹਿਆਂ ਵਿਚ ਕੈਦ ਦੇਸ਼ ਭਗਤ ਕੂਕੇ / _cਜਸਵਿੰਦਰ ਸਿੰਘ |
||
| 246 |
_aKillian vich kaid desh bhagat kuke _b by Jaswinder Singh |
||
| 260 |
_aDelhi _bARSEE PUBLISHERS _c2012 |
||
| 270 |
_bChandni Chonk _aDelhi _k23280657 _e110006 |
||
| 300 |
_a128ਪਂ; _b22ਸੇਂਮੀ(ਸਜਿਲਦ) |
||
| 650 | _937324 | ||
| 650 | _937325 | ||
| 700 | _953424 | ||
| 942 |
_2ddc _cPN _h850 _mਜਸਵਿੰ |
||
| 999 |
_c71539 _d71539 |
||